Russia and the World : (Record no. 13181)
[ view plain ]
| 000 -LEADER | |
|---|---|
| fixed length control field | 00920cam a2200253 4500 |
| 001 - CONTROL NUMBER | |
| control field | 1711090 |
| 005 - DATE AND TIME OF LATEST TRANSACTION | |
| control field | 19940131094421.6 |
| 008 - FIXED-LENGTH DATA ELEMENTS--GENERAL INFORMATION | |
| fixed length control field | 700921s1970 enk | 001 0 eng d |
| 010 ## - LIBRARY OF CONGRESS CONTROL NUMBER | |
| LC control number | 70503759 |
| 015 ## - NATIONAL BIBLIOGRAPHY NUMBER | |
| National bibliography number | B70-12583 |
| 020 ## - INTERNATIONAL STANDARD BOOK NUMBER | |
| International Standard Book Number | 0800869354 |
| 040 ## - CATALOGING SOURCE | |
| Original cataloging agency | DLC |
| Transcribing agency | DLC |
| Modifying agency | DLC |
| 043 ## - GEOGRAPHIC AREA CODE | |
| Geographic area code | e-ur--- |
| 050 00 - LIBRARY OF CONGRESS CALL NUMBER | |
| Classification number | DK274 |
| Item number | .H35 1970b |
| 082 00 - DEWEY DECIMAL CLASSIFICATION NUMBER | |
| Classification number | 327.47 |
| Item number | HAY |
| 100 1# - MAIN ENTRY--PERSONAL NAME | |
| Personal name | Hayter, William, |
| Titles and other words associated with a name | Sir. |
| 9 (RLIN) | 10549 |
| 245 10 - TITLE STATEMENT | |
| Title | Russia and the World : |
| Remainder of title | A Study of Soviet Foreign Policy / |
| Statement of responsibility, etc | William Hayter. |
| 260 ## - PUBLICATION, DISTRIBUTION, ETC. (IMPRINT) | |
| Place of publication, distribution, etc | New York : |
| Name of publisher, distributor, etc | Taplinger, |
| Date of publication, distribution, etc | c1970. |
| 300 ## - PHYSICAL DESCRIPTION | |
| Extent | x, 133 p. |
| Dimensions | 21 cm. |
| 500 ## - GENERAL NOTE | |
| General note | Includes index |
| 651 #0 - SUBJECT ADDED ENTRY--GEOGRAPHIC NAME | |
| Geographic name | Soviet Union |
| General subdivision | Foreign relations |
| Chronological subdivision | 1953-1975. |
| 9 (RLIN) | 10550 |
| 942 ## - ADDED ENTRY ELEMENTS (KOHA) | |
| Source of classification or shelving scheme | Dewey Decimal Classification |
| Item type | Book - Borrowing |
| Withdrawn status | Item status | Source of classification or shelving scheme | Damaged status | Not for loan | Vendor | Home library | Current library | Shelving location | Date acquired | Source of acquisition | Total Checkouts | Total Renewals | Full call number | Barcode | Date last seen | Date last borrowed | Koha item type | Public note |
|---|---|---|---|---|---|---|---|---|---|---|---|---|---|---|---|---|---|---|
| Dewey Decimal Classification | Central Library | Central Library | First floor | 24/01/2010 | Donation | 4 | 17 | 327.47 HAY | 000019151 | 15/07/2025 | 21/10/2018 | Book - Borrowing | Donated by: Alaa Abd El- Ghaney |